La obsesión antiamericana : (Registro nro. 6891)

Detalles MARC
000 -LEADER
fixed length control field 01485nam a22002777a 4500
003 - CONTROL NUMBER IDENTIFIER
control field OSt
005 - DATE AND TIME OF LATEST TRANSACTION
control field 20200930133044.0
008 - FIXED-LENGTH DATA ELEMENTS--GENERAL INFORMATION
fixed length control field 200930s2003 sp ||||gr|||| 00| 0 spa d
020 ## - INTERNATIONAL STANDARD BOOK NUMBER
International Standard Book Number 8479535318
040 ## - CATALOGING SOURCE
Original cataloging agency CO-JMCR
Transcribing agency CO-JMCR
041 1# - LANGUAGE CODE
Language code of text/sound track or separate title spa
Language code of original y
082 04 - DEWEY DECIMAL CLASSIFICATION NUMBER
Classification number 303.48273 /
Item number R449o
Edition number 23
100 1# - MAIN ENTRY--PERSONAL NAME
Personal name Revel, Jean-François,
Relator term autor
9 (RLIN) 11019
245 13 - TITLE STATEMENT
Title La obsesión antiamericana :
Remainder of title dinámica, causas e incongruencias /
Statement of responsibility, etc. Jean-François Revel ; traducción de Carlos Manzano
260 ## - PUBLICATION, DISTRIBUTION, ETC.
Place of publication, distribution, etc. Barcelona :
Name of publisher, distributor, etc. Urano,
Date of publication, distribution, etc. 2003.
300 ## - PHYSICAL DESCRIPTION
Extent 247 páginas ;
Dimensions 23 cm.
500 ## - GENERAL NOTE
General note Datos biográficos del autor en solapa frontal.
505 0# - FORMATTED CONTENTS NOTE
Formatted contents note Exposición de motivos -- Sobre algunas contradicciones del antiamericanismo. -- Antimundialismo y antiamericanismo. -- ¿Por qué tanto odio?...¡y tantos errores!. -- La peor sociedad que haya existido jamás. -- La extinción cultural. -- Simplismo de dirigentes europeos en política internacional. -- América como escapatoria.
520 0# - SUMMARY, ETC.
Summary, etc. Estados unidos ha sido siempre objeto de una mezcla de amor y odio, de envidia y desprecio, por parte del resto del planeta.
546 ## - LANGUAGE NOTE
Language note Titulo original: L´obsession anti-américane, Son fonctionnement, ses cuases, ses inconséquences
650 24 - SUBJECT ADDED ENTRY--TOPICAL TERM
Topical term or geographic name entry element Relaciones diplomáticas
Geographic subdivision Estados Unidos
9 (RLIN) 11020
650 24 - SUBJECT ADDED ENTRY--TOPICAL TERM
Topical term or geographic name entry element Antiamericanismo.
Geographic subdivision Estados Unidos
9 (RLIN) 11021
650 24 - SUBJECT ADDED ENTRY--TOPICAL TERM
Topical term or geographic name entry element Relaciones exteriores
Geographic subdivision Estados Unidos
9 (RLIN) 11022
700 1# - ADDED ENTRY--PERSONAL NAME
Personal name Manzano, Carlos,
Relator term traductor
9 (RLIN) 10293
942 ## - ADDED ENTRY ELEMENTS (KOHA)
Source of classification or shelving scheme Dewey Decimal Classification
Koha item type Books
Existencias
Withdrawn status Lost status Source of classification or shelving scheme Damaged status Not for loan Home library Current library Shelving location Date acquired Source of acquisition Total Checkouts Full call number Barcode Date last seen Copy number Price effective from Koha item type
    Dewey Decimal Classification     Biblioteca Pública José María del Castillo y Rada Biblioteca Pública José María del Castillo y Rada General Stacks 04/15/2018 Donación   303.48273 / R449o 201810099 05/16/2024 Ej.1 04/15/2018 Books